Dinámica familiar y su relación con hábitos alimentarios /

Uloženo v:
Podrobná bibliografie
Hlavní autor: Arroyo, P
Další autoři: Férnandez, V Garcia, M Pardío, J
Médium: Text
Tagy: Přidat tag
Žádné tagy, Buďte první, kdo vytvoří štítek k tomuto záznamu!

MARC

LEADER 00000 a a2200000 04500
001 7765
003
040
100 |a Arroyo, P  
245 |a Dinámica familiar y su relación con hábitos alimentarios /  |c P Arroyo 
700 |a Férnandez, V   |a Garcia, M   |a Pardío, J  
773 |g volumen 14, número 27; páginas 9-46  
999 |c 38115  |d 38115